Statistics for Apex Legends - Legends

Click here to take the quiz!

General Stats

  • This quiz has been taken 20 times
  • The average score is 15 of 25

Answer Stats

HintAnswer% Correct
Technological TrackerBloodhound
93%
Combat MedicLifeline
87%
Professional SoldierBangalore
73%
Toxic TrapperCaustic
73%
Translocating ThiefLoba
73%
Holographic TricksterMirage
73%
High-Speed DaredevilOctane
73%
Surveillance ExpertCrypto
67%
Shielded FortressGibraltar
67%
Interdimensional SkirmisherWraith
67%
Defensive ConjurerCatalyst
60%
Bombastic Explosives ExpertFuse
60%
Rebel WarlordMad Maggie
60%
Static DefenderWattson
60%
Gravitational ManipulatorHorizon
53%
Heroic DefenderNewcastle
53%
Amped ModderRampart
53%
Winged AvengerValkyrie
53%
Sniper SavantVantage
53%
Forward ScoutPathfinder
47%
Synthetic NightmareRevenant
47%
Incisive InstigatorAsh
40%
Refined GunslingerBallistic
40%
Shield HealerConduit
33%
Ambush ArtistSeer
33%

Score Distribution

Percentile by Number Answered

Percent of People with Each Score

Your Score History

You have not taken this quiz